000 00214nam a22000857a 4500
008 160718b xxu||||| |||| 00| 0 eng d
100 _93041
_aSingh A
245 _aCricket-Quiz
260 _aNew Delhi
_bSET Publication
_c2009
999 _c2604
_d2604